Normal view
MARC view
- Circles of confusion
Entry Topical Term
001 - CONTROL NUMBER
- control field: 5513
003 - CONTROL NUMBER IDENTIFIER
- control field: JO-AjAnu
005 - DATE AND TIME OF LATEST TRANSACTION
- control field: 20230606071209.0
008 - FIXED-LENGTH DATA ELEMENTS
- fixed length control field: 230606|| aca||aabn | a|a d
040 ## - CATALOGING SOURCE
- Original cataloging agency: JO-AjAnu
- Transcribing agency: JO-AjAnu
150 ## - HEADING--TOPICAL TERM
- Topical term or geographic name entry element: Circles of confusion
670 ## - SOURCE DATA FOUND
- Source citation: Work cat.: (JO-AjAnu)2849: Frampton , Hollis , author 5512, Circles of Confusion: Film . Photography. Video texts 1968-1980